000 00478nam a22001817a 4500
003 MPLRDC
005 20220104123518.0
008 210129b ||||| |||| 00| 0 eng d
082 _a548.82 LJL
100 _a林杰梁
245 _a如何预防你的孩子染上毒瘾?
_c
250 _a初版
260 _a
_b健康世界杂志社
_c1991
300 _b
490 _a健康世界丛书. 59
650 _a其他社会病态--吸毒与反毒
942 _cBK
_o548.82 LJL
999 _c12008
_d11998